Spons landscape and external works price book 2006 (Record no. 104599)

MARC details
000 -LEADER
fixed length control field 00378cam a2200157 4500
001 - CONTROL NUMBER
control field L130896
008 - FIXED-LENGTH DATA ELEMENTS--GENERAL INFORMATION
fixed length control field 050914n2005 000 0 eng u
020 ## - INTERNATIONAL STANDARD BOOK NUMBER
International Standard Book Number 0415370361
035 ## - SYSTEM CONTROL NUMBER
System control number (Sirsi) u130896
100 ## - MAIN ENTRY--PERSONAL NAME
Personal name Loangdon, Davis
245 ## - TITLE STATEMENT
Title Spons landscape and external works price book 2006
260 ## - PUBLICATION, DISTRIBUTION, ETC.
Place of publication, distribution, etc. Spon Press
Date of publication, distribution, etc. 2005
350 ## - PRICE (NR) (BK AM CF MU VM SE) [OBSOLETE]
Price 90.25
942 ## - ADDED ENTRY ELEMENTS (KOHA)
Suppress in OPAC 0

No items available.